| 000 | 00901nam a2200217 a 4500 | ||
|---|---|---|---|
| 001 | 000040569 | ||
| 005 | 20201002034224.0 | ||
| 008 | 130902s2009 sp 000 0 spa d | ||
| 020 | _a9788484894957 | ||
| 040 |
_aDO-SdBNP _bspa _cBNPHU |
||
| 245 | 0 | 0 |
_aDe las independencias iberoamericanas a los estados nacionales (1810- 1850) : _b200 años de historia / _cediores Ivana Frasquet y Andrés Slemian. |
| 260 |
_aMadrid : _bIberoamericana, _c2009. |
||
| 300 |
_a337 p. ; _c23 cm. |
||
| 490 | 1 |
_aEstudios AHILA de historia latinoamericana ; _v6 |
|
| 500 | _aPrecede al título : Asociación de Historiadores Latinoamericanos Europeos | ||
| 504 | _aBibliografía : p. 295-337 | ||
| 500 | _aIncluye referencias bibliográficas y notas al pie de las páginas | ||
| 700 | 1 |
_aFrasquet, Ivana _966894 |
|
| 700 | 1 |
_aSlemian, Andrea _966895 |
|
| 830 | 0 |
_aEstudios AHILA de historia latinoamericana ; _n6 _966896 |
|
| 999 |
_c40059 _d40059 |
||